000 00421cam a22001575a 4500
001 J100763
008 000000s1912 xxk 000 0 eng u
035 _a(Sirsi) u100763
110 _aAuctioneers' Institute of the United Kingdom
_93785
245 _aRegulations and syllabus of the examinations.
260 _c1912
300 _a32p.
651 4 _aUnited Kindom
_y
690 _aBusiness and management
942 _n0
999 _c99812
_d99812